000 00330nam a22001457a 4500
999 _c256711
_d256710
003 OSt
005 20180220104432.0
008 180220b xxu||||| |||| 00| 0 eng d
020 _a0-345-37708-7
040 _cN/a
100 _aJohn Hassler
245 _aDear James
260 _aUSA
_bBallantine books
_c1993
942 _2lcc
_cBK